000
00276nam a2200097Ia 4500
008
240331s9999 xx 000 0 und d
082
_b
TEN
100
_a
CENWOR. ed
245
0
_a
Tenth National convention on women's studies :
_b
gender based violence,governance,gender
942
_c
L
999
_c
5618
_d
5618